| Tag |
First Indicator |
Second Indicator |
Subfields |
| LEADER |
00000nmm a22000001a 4500 |
| 001 |
in00004608708 |
| 006 |
m|||||o||m|||||||| |
| 007 |
cr|cn |||uuuuu |
| 008 |
221118s2021 xxu||||co|||| ||||||eng d |
| 005 |
20221207213130.7 |
| 035 |
|
|
|a (TxWaIVM)IV80640PaTh
|
| 040 |
|
|
|a TxWaIVM
|c TxWaIVM
|
| 245 |
0 |
4 |
|a The Smurfs 3 in 1 Vol #1 /
|c powered by Library Pass.
|
| 260 |
3 |
|
|a [United States] :
|b Papercutz,
|c 2021.
|
| 300 |
|
|
|a 1 online resource.
|
| 336 |
|
|
|a text
|b txt
|2 rdacontent
|
| 337 |
|
|
|a computer
|b c
|2 rdamedia
|
| 338 |
|
|
|a online resource
|b cr
|2 rdacarrier
|
| 520 |
|
|
|a Papercutz is proud to present the original Smurfs comics by Peyo. Known in America primarily for the hit 80s animated TV series and the hit movies, many Smurfs fans don't realize that the Smurfs originally appeared in comics. Now the Smurfs are back in SMURF-TASTIC comic adventures. Featuring the classic stories "The Purple Smurfs," "The Smurfs and the Magic Flute," and "The Smurf King," and many more!
|
| 521 |
|
|
|a 5
|
| 538 |
|
|
|a Requires a valid library card and registration for new users.
|
| 538 |
|
|
|a Mode of access: World Wide Web.
|
| 538 |
|
|
|a System requirements: Flash 10.1 or higher, Windows XP and higher, Internet Explorer 7 and higher, Firefox 3.6 and higher, Google Chrome; Max OS 10.5 and higher, Safari 4 and higher.
|
| 650 |
|
0 |
|a Comic books, strips, etc.
|
| 655 |
|
7 |
|a Electronic books.
|2 local
|
| 655 |
|
7 |
|a Comic books, strips, etc.
|2 gsafd
|
| 650 |
|
0 |
|a Animals
|
| 655 |
|
7 |
|a Animals
|2 gsafd
|
| 650 |
|
0 |
|a Comic books, strips, etc. --Education
|
| 655 |
|
7 |
|a Comic books, strips, etc. --Education
|2 gsafd
|
| 650 |
|
0 |
|a Fantasy comic books, strips, etc.
|
| 655 |
|
7 |
|a Fantasy comic books, strips, etc.
|2 gsafd
|
| 650 |
|
0 |
|a Comic books, strips, etc. --Fiction
|
| 655 |
|
7 |
|a Comic books, strips, etc. --Fiction
|2 gsafd
|
| 650 |
|
0 |
|a Comic books, strips, etc.
|
| 655 |
|
7 |
|a Comic books, strips, etc.
|2 gsafd
|
| 650 |
|
0 |
|a Comic books, strips, etc. --History
|
| 655 |
|
7 |
|a Comic books, strips, etc. --History
|2 gsafd
|
| 650 |
|
0 |
|a Humor
|
| 655 |
|
7 |
|a Humor
|2 gsafd
|
| 650 |
|
0 |
|a Movie & TV
|
| 655 |
|
7 |
|a Movie & TV
|2 gsafd
|
| 650 |
|
0 |
|a Comic books, strips, etc. --Mythology
|
| 655 |
|
7 |
|a Comic books, strips, etc. --Mythology
|2 gsafd
|
| 650 |
|
0 |
|a Fantasy comic books, strips, etc.
|
| 655 |
|
7 |
|a Fantasy comic books, strips, etc.
|2 gsafd
|
| 710 |
2 |
|
|a Library Pass, LLC.
|
| 856 |
4 |
0 |
|u http://proxy.library.tamu.edu/login?url=https://tamu.librarypass.com/product/com.iversecomics.papercutz.the.smurfs.3.in.1.vol.one.english.01142021
|z Connect to this electronic book (First time users create your free account)
|t 0
|
| 955 |
|
|
|a Comics Plus.
|
| 999 |
f |
f |
|s 334957b2-6eb3-445c-946b-f94b639ec2df
|i c6f90cf2-1951-4d31-8a51-7990b2d9566c
|t 0
|
| 952 |
f |
f |
|a Texas A&M University
|b College Station
|c Electronic Resources
|d Available Online
|t 0
|h Library of Congress classification
|
| 998 |
f |
f |
|t 0
|l Available Online
|